000 00833nas a2200277 4500
001 BR0704782
003 BR-BrBNA
005 20231205110929.0
007 ta
008 230509b bl.|||p| |||| 00| 00por d
040 _aBR-BrBNA
_bpor
_cBiblioteca Nacional de Agricultura
041 _a(En)
072 _aF62; F02
100 1 _aTucci, M.L.S.
100 1 _aBovi, M.L.A.
100 1 _aMachado, E.C.
100 1 _aSpiering, S.H.
245 1 _aSeasonal growth variation of peach palms cultivated in containers under subtropical conditions
650 _aPUPUNHA
650 _aPALMITO
650 _aCRESCIMENTO
650 _aSUBSTRATO DE CULTURA
773 0 _tScientia Agricola (Brazil)
_xISSN 0103-9016
_g(Mar-Apr 2007), V. 64(2) p. 138-146
_wBR0704782
909 _a202311
_bLúcia
_c55
_dLúcia Elande
942 _2AGRIS
_n0
_cANA
999 _c189810
_d189810